000 00348nam a2200133 i 4500
001 bg
100 1 _aSIEKIERSKI, Andrzej.
245 0 _aDiody i tranzystory :
_bdane techniczne i charakterystyki /
_cAndrzej Siekierski.
260 _aWarszawa,
_c1976.
040 _cBPK
041 _apol
942 _cKS
008 s pl f |000 0 pol
999 _c27354
_d27354
856 _uhttp://koha.tu.koszalin.pl/cgi-bin/koha/opac-detail.pl?biblionumber=27354
_yKatalog online BPK